000 00598nam a2200229Ia 4500
003 OSt
005 20220918210326.0
006 a|||||r|||| 00| 0
007 ta
008 220917b |||||||| |||| 00| 0 eng d
024 _a120,030
037 _cTextual
040 _aARTS
_cARTS
_beng
041 _2eng
_aeng
082 _aV73:28wM93, K9
100 _aAcheson Dean
_9117800
245 0 _aPresent at the creation
_b my years in the state department
260 _c1969
650 _aHISTORY
942 _hV73:28wM93, K9
_cTEXL
_2CC
999 _c243288
_d243288